Score 0/21 Timer 01:00
59 Plays Today
% Correct
Bangladesh
93.8%
Finland
93.7%
Austria
93.3%
Kazakhstan
92.8%
Slovenia
92.4%
Latvia
91.6%
Qatar
90.7%
Saudi Arabia
90.4%
Kuwait
89%
Botswana
88.7%
Bahrain
88%
% Correct
Malta
87.9%
Gabon
86.7%
Canada
84.9%
Guinea
81.1%
Cabo Verde
80.3%
Costa Rica
79.1%
Fiji
77.1%
Marshall Islands
74.1%
Chile
73.4%
Grenada
68%
Remove Ads.
Support Sporcle.
Get the best of Sporcle when you Go Orange. This ad-free experience offers more features, more stats, and more fun while also helping to support Sporcle. Thank you for becoming a member.

You're not logged in!

Compare scores with friends on all Sporcle quizzes.
OR
Log In

Show Comments

Extras

Top Quizzes Today


Score Distribution

Your Account Isn't Verified!

In order to create a playlist on Sporcle, you need to verify the email address you used during registration. Go to your Sporcle Settings to finish the process.

Report this User

Report this user for behavior that violates our Community Guidelines.

Details: